| 000 | 00340cam a22001097a 4500 | ||
|---|---|---|---|
| 008 | 180718b2003 xxu||||| |||| 00| 0 eng d | ||
| 100 | _aVittas, Dimitri | ||
| 245 |
_aThe insurance industry in Mauritius _cby Dimitri Vittas |
||
| 260 |
_aWashington, D.C. _bWorld Bank _c2003 |
||
| 300 | _a19p. | ||
| 440 | _aPolicy research working paper; no. 3034 | ||
| 999 |
_c289596 _d289596 |
||